[Event "Windsor NAYCC U10"]
[Site "Windsor"]
[Date "2016.08.09"]
[Round "5.138"]
[White "Marcelloni, Jacob"]
[Black "Shlionsky, Ariah Leib"]
[Result "0-1"]
[WhiteElo "786"]
[BlackElo "1893"]
[PlyCount "70"]
[EventDate "2016.08.07"]
[EventType "swiss"]
[EventRounds "9"]
[EventCountry "CAN"]
[SourceTitle "EXT 2022"]
[Source "ChessBase"]
[SourceDate "2021.10.06"]
[SourceVersion "1"]
[SourceVersionDate "2021.10.06"]
[SourceQuality "1"]

1. d4 Nf6 2. Nf3 g6 3. c4 c5 4. dxc5 Qa5+ 5. Nc3 Qxc5 6. e3 Bg7 7. Be2 0-0 8. 0-0 d6 9. a3 Bf5 10. b4 Qc7 11. Bb2 a6 12. Bd3 Bxd3 13. Qxd3 Rc8 14. b5 Qxc4 15. Qd2 axb5 16. Rac1 Nbd7 17. Rc2 Ne4 18. Nxe4 Qxc2 19. Qxc2 Rxc2 20. Bxg7 Kxg7 21. h3 Rxa3 22. Ne1 Rc8 23. Nd2 Rc1 24. Kh2 Raa1 25. Ndf3 Ne5 26. Nxe5 dxe5 27. Nc2 Rxf1 28. Nxa1 Rxa1 29. f4 exf4 30. exf4 b4 31. Kg3 b3 32. Kf3 b2 33. Ke4 b1Q+ 34. Kd5 Ra4 35. f5 Qb5# 0-1

[Event "Canadian op U1200"]
[Site "Windsor"]
[Date "2016.07.12"]
[Round "3.55"]
[White "Koltai, Anna1111"]
[Black "Marcelloni, Jacob"]
[Result "1-0"]
[WhiteElo "1178"]
[BlackElo "786"]
[PlyCount "55"]
[EventDate "2016.07.10"]
[EventType "swiss"]
[EventRounds "9"]
[EventCountry "CAN"]
[SourceTitle "EXT 2022"]
[Source "ChessBase"]
[SourceDate "2021.10.06"]
[SourceVersion "1"]
[SourceVersionDate "2021.10.06"]
[SourceQuality "1"]

1. d4 Nf6 2. Nf3 d5 3. Bf4 g6 4. e3 Bg7 5. Bd3 0-0 6. 0-0 Nc6 7. Nbd2 Nb4 8. a3 Nxd3 9. cxd3 Bf5 10. Qb3 b6 11. Rfe1 Be6 12. Rac1 Rc8 13. Qa4 a5 14. e4 Bd7 15. Qb3 Be6 16. e5 Nh5 17. Be3 f6 18. exf6 Rxf6 19. Bg5 Rf5 20. Rxe6 Qd7 21. Rxe7 Qd6 22. Rce1 Rff8 23. R1e6 Qxe6 24. Rxe6 Rfe8 25. Rxe8+ Rxe8 26. Qxd5+ Kf8 27. Ne5 c6 28. Nd7# 1-0